| 000 | 00378cam a22001575a 4500 | ||
|---|---|---|---|
| 001 | L142987 | ||
| 008 | 080331s2008 xxk f 000 0 eng d | ||
| 020 | _a9781901434361 | ||
| 035 | _a(Sirsi) u142987 | ||
| 041 | 0 | _aeng | |
| 100 | 1 | _aMoody, Jeremy | |
| 245 | 0 | 0 | _aRent reviews for farm business tenancies |
| 260 |
_aCAAV _c2008 |
||
| 651 | 4 | _aENGLAND AND WALES | |
| 942 | _n0 | ||
| 999 |
_c108040 _d108040 |
||